Công nghệ sản xuất axit amin và ứng dụng
Giới thiệu khái quát chung về axit amin và công nghệ sản xuất axit glutamic, mì chính, L-Lysine, cùng một số axit amin khác
Đã lưu trong:
| 主要作者: | |
|---|---|
| 其他作者: | |
| 格式: | 图书 |
| 语言: | Vietnamese |
| 出版: |
H.
Giáo dục
2011
|
| 主题: | |
| 标签: |
添加标签
没有标签, 成为第一个标记此记录!
|
| Thư viện lưu trữ: | Mạng thư viện Đại học Đà Nẵng |
|---|
| LEADER | 01371aam a22003738a 4500 | ||
|---|---|---|---|
| 001 | 000016487 | ||
| 003 | 12889 | ||
| 005 | 20121107081103.0 | ||
| 008 | 121107s2011 viesd | ||
| 020 | |c 40000đ |d 1000b | ||
| 041 | 0 | |a vie | |
| 082 | 1 | 4 | |2 14 |a 664.4 |b QU-H |
| 100 | 1 | |a Quản Lê Hà |e chủ biên | |
| 245 | 1 | 0 | |a Công nghệ sản xuất axit amin và ứng dụng |c Quản Lê Hà (ch.b.), Nguyễn Thị Hiền |
| 260 | |a H. |b Giáo dục |c 2011 | ||
| 300 | |a 235tr. |b minh hoạ |c 24cm | ||
| 504 | |a Thư mục: tr. 235 | ||
| 520 | |a Giới thiệu khái quát chung về axit amin và công nghệ sản xuất axit glutamic, mì chính, L-Lysine, cùng một số axit amin khác | ||
| 650 | 7 | |2 Bộ TK TVQG |a Công nghệ sản xuất | |
| 650 | 7 | |2 Bộ TK TVQG | |
| 650 | 7 | |2 Bộ TK TVQG | |
| 650 | 7 | |2 Bộ TK TVQG |a Axit amin | |
| 653 | |a ứng dụng | ||
| 700 | 1 | |a Nguyễn Thị Hiền | |
| OWN | |a LSP | ||
| AVA | |a UDN50 |b LSP |d 664.4 QU-H |e available |t Error 5001 Not defined in file expand_doc_bib_avail. |f 10 |g 0 |h N |i 0 |k 1 | ||
| 999 | |a From the UDN01 | ||
| AVA | |a UDN50 |b LSP |d 664.4 QU-H |e available |t Error 5001 Not defined in file expand_doc_bib_avail. |f 10 |g 0 |h N |i 0 |k 1 | ||
| TYP | |a Monograph | ||
| TYP | |a Printed language | ||
| 980 | |a Mạng thư viện Đại học Đà Nẵng | ||